Constuyendo el gran puente de la esperanza (Registro nro. 3452)
[ vista simple ]
| 000 -Cabecera | |
|---|---|
| Campo de control de longitud fija | 00693aam a2200253 4500 |
| 005 - Fecha y hora de la última transacción | |
| Campo de control | 20250729145931.0 |
| 008 - Elementos de longitud fija--Información general | |
| Campo de control de longitud fija | 150227b2001 xxu||||| |||| 00| 0 eng d |
| 020 ## - International Standard Book Number | |
| Número Internacional Estándar del Libro (ISBN) | 9968996602 |
| 041 ## - Idioma | |
| Código de idioma | Español |
| 082 ## - Clasificación Decimal Dewey | |
| Número de clasificación | 362.76 R696c |
| 100 ## - Entrada principal--Autor personal | |
| Nombre personal | Rodríguez Araya, Jorge |
| 9 (RLIN) | 29193 |
| 245 ## - Título propiamente dicho | |
| Título | Constuyendo el gran puente de la esperanza |
| 260 ## - Pie de imprenta | |
| Lugar de publicación, distribución, etc. | Costa Rica |
| 260 ## - Pie de imprenta | |
| Nombre del editor, distribuidor, etc. | Diseños Publicitarios Precisos |
| 260 ## - Pie de imprenta | |
| Fecha de publicación, distribución, etc. | 2001 |
| 300 ## - Descripción física | |
| Extensión | 214 páginas |
| 490 ## - Serie | |
| Título de la Serie | Investigación Criminal |
| 650 ## - Materia general | |
| Temática (materia general) | COSTA RICA |
| 650 ## - Materia general | |
| Temática (materia general) | ABUSO SEXUAL INFANTIL |
| 650 ## - Materia general | |
| Temática (materia general) | VIOLENCIA INFANTIL |
| 650 ## - Materia general | |
| Temática (materia general) | TRABAJO SOCIAL CON NIÑOS |
| 650 ## - Materia general | |
| Temática (materia general) | CASA HOGAR DE LA TÍA TERE |
| 942 ## - Punto de acceso adicional KOHA | |
| Tipo de ítem KOHA | Libro |
| Fuente del sistema de clasificación o colocación | Dewey Decimal Classification |
| Signatura completa | Código de barras | Programa Académico | Tipo de ítem |
|---|---|---|---|
| 362.76 R696c | 12278 | Investigación Criminal | Libro |